[Event "London Classic op 4th"]
[Site "London"]
[Date "2012.12.08"]
[Round "8"]
[White "Moriuchi, Toshiyuki"]
[Black "Arkell, Keith C"]
[Result "0-1"]
[WhiteElo "2316"]
[BlackElo "2470"]
[PlyCount "96"]
[EventDate "2012.12.01"]
[EventType "swiss"]
[EventRounds "9"]
[EventCountry "ENG"]
[SourceTitle "EXT 2014"]
[Source "ChessBase"]
[SourceDate "2013.11.20"]
[SourceVersion "1"]
[SourceVersionDate "2013.11.20"]
[SourceQuality "1"]

1. e4 c6 2. Nc3 d5 3. Nf3 Bg4 4. h3 Bxf3 5. Qxf3 Nf6 6. b3 e6 7. Bb2 Nbd7 8. 0-0-0 Qa5 9. exd5 cxd5 10. g4 Ne5 11. Qg3 Nc6 12. Kb1 0-0-0 13. g5 Ne8 14. h4 Nd6 15. Bd3 Nb4 16. a3 Nxd3 17. Qxd3 Nf5 18. Ka2 Be7 19. Ne2 h6 20. g6 fxg6 21. Nf4 Qa6 22. Qxa6 bxa6 23. Rde1 Rd6 24. Rxe6 Rxe6 25. Nxe6 Nxh4 26. Bxg7 Rh7 27. Bd4 Nf3 28. Be3 g5 29. Rh3 Kd7 30. Nf8+ Bxf8 31. Rxf3 Be7 32. Rg3 Ke6 33. c4 Kf5 34. cxd5 Ke4 35. Bxa7 Bd6 36. Re3+ Kxd5 37. Rd3+ Ke6 38. Be3 g4 39. Rd4 h5 40. b4 Be5 41. Rc4 Rc7 42. Rxc7 Bxc7 43. Bg5 Bd6 44. Kb3 Be7 45. Bf4 h4 46. Bh2 Bd6 47. Bg1 Kd5 48. d3 h3 0-1

[Event "London Classic op 4th"]
[Site "London"]
[Date "2012.12.04"]
[Round "4"]
[White "Moriuchi, Toshiyuki"]
[Black "Sadzikowski, Daniel"]
[Result "0-1"]
[WhiteElo "2316"]
[BlackElo "2449"]
[PlyCount "84"]
[EventDate "2012.12.01"]
[EventType "swiss"]
[EventRounds "9"]
[EventCountry "ENG"]
[SourceTitle "CBM 151 Extra"]
[Source "ChessBase"]
[SourceDate "2012.12.18"]
[SourceVersion "1"]
[SourceVersionDate "2012.12.18"]
[SourceQuality "1"]

1. e4 e6 2. d4 d5 3. Nc3 Nf6 4. e5 Nfd7 5. f4 c5 6. Nf3 Nc6 7. Be3 Be7 8. Qd2 0-0 9. dxc5 Bxc5 10. 0-0-0 Qa5 11. Bxc5 Nxc5 12. Kb1 Bd7 13. Qe3 Rfc8 14. f5 exf5 15. Nxd5 Be6 16. Bc4 Ne4 17. Bb3 Qc5 18. Rhe1 Kf8 19. Ng5 Qxe3 20. Nxe6+ fxe6 21. Nxe3 Ke7 22. g4 fxg4 23. Nxg4 Nc5 24. Rg1 Rf8 25. Ne3 g6 26. Ng4 Rf5 27. Rde1 Rd8 28. Bc4 a6 29. a3 Rd4 30. Bf1 Rg5 31. Bh3 h5 32. Nf2 Rxg1 33. Rxg1 Nxe5 34. b4 Ne4 35. Nxe4 Rxe4 36. Kb2 b6 37. Rg3 Kf6 38. Bf1 Nc4+ 39. Bxc4 Rxc4 40. Rd3 Rc6 41. a4 e5 42. Rf3+ Kg5 0-1

[Event "London Classic op 4th"]
[Site "London"]
[Date "2012.12.03"]
[Round "3"]
[White "McDonald, Neil R"]
[Black "Moriuchi, Toshiyuki"]
[Result "1/2-1/2"]
[WhiteElo "2454"]
[BlackElo "2316"]
[PlyCount "83"]
[EventDate "2012.12.01"]
[EventType "swiss"]
[EventRounds "9"]
[EventCountry "ENG"]
[SourceTitle "CBM 151 Extra"]
[Source "ChessBase"]
[SourceDate "2012.12.18"]
[SourceVersion "1"]
[SourceVersionDate "2012.12.18"]
[SourceQuality "1"]

1. e4 c5 2. Nf3 d6 3. Bb5+ Nc6 4. 0-0 Bd7 5. c3 Nf6 6. Re1 a6 7. Ba4 c4 8. d4 cxd3 9. Bg5 Ng4 10. Qxd3 Nce5 11. Bxd7+ Qxd7 12. Qd1 Nxf3+ 13. Qxf3 Ne5 14. Qe3 g6 15. f4 Ng4 16. Qd4 e5 17. fxe5 dxe5 18. Qxd7+ Kxd7 19. h3 Bc5+ 20. Kh1 Nf2+ 21. Kh2 Ke6 22. b4 Ba7 23. Nd2 Rhc8 24. c4 f6 25. Bh4 Nd3 26. Rf1 g5 27. Rf3 gxh4 28. Rxd3 Bf2 29. Rd1 a5 30. b5 Bd4 31. Nf3 Rxc4 32. Nxh4 Rc2 33. R1d2 Rac8 34. Nf5 Rxd2 35. Rxd2 Rc4 36. g4 a4 37. Kg3 a3 38. Rd3 Bc5 39. Ng7+ Ke7 40. Nf5+ Ke6 41. Ng7+ Ke7 42. Nf5+ 1/2-1/2

[Event "Foxwoods op"]
[Site "Ledyard"]
[Date "2009.04.08"]
[Round "1"]
[White "Moriuchi, Toshiyuki"]
[Black "Pressman, Leif"]
[Result "0-1"]
[WhiteElo "2321"]
[BlackElo "2057"]
[PlyCount "58"]
[EventDate "2009.04.08"]
[EventType "swiss"]
[EventRounds "9"]
[EventCountry "USA"]
[SourceTitle "CBM 129 Extra"]
[Source "ChessBase"]
[SourceDate "2009.05.05"]
[SourceVersion "2"]
[SourceVersionDate "2009.05.20"]
[SourceQuality "1"]

1. e4 e5 2. Nf3 Nc6 3. Bc4 Nf6 4. d3 Bc5 5. 0-0 d6 6. c3 Bb6 7. Re1 h6 8. Bb3 0-0 9. Na3 Re8 10. Nc4 Be6 11. Nxb6 axb6 12. Bxe6 Rxe6 13. c4 Re8 14. Bd2 Qd7 15. Bc3 Ne7 16. d4 Ng6 17. h3 Qc6 18. Nd2 exd4 19. Bxd4 Nxe4 20. Nf1 Ng5 21. Ne3 Nf4 22. f3 Nfxh3+ 23. Kh2 Nf4 24. Nf5 Nfe6 25. b3 Ra5 26. Rxe6 Nxe6 27. g4 Rxf5 28. gxf5 Nxd4 29. Qxd4 Qxf3 0-1

[Event "Paris-ch int"]
[Site "Paris"]
[Date "2007.07.08"]
[Round "2"]
[White "Renet, Olivier"]
[Black "Moriuchi, Toshiyuki"]
[Result "1-0"]
[WhiteElo "2498"]
[BlackElo "2331"]
[PlyCount "65"]
[EventDate "2007.07.07"]
[EventType "swiss"]
[EventRounds "9"]
[EventCountry "FRA"]
[SourceTitle "CBM 119 Extra"]
[Source "ChessBase"]
[SourceDate "2007.09.04"]
[SourceVersion "1"]
[SourceVersionDate "2007.09.04"]
[SourceQuality "1"]

1. d4 d6 2. e4 Nf6 3. Nc3 g6 4. Be3 c6 5. h3 Bg7 6. g4 Qa5 7. Bg2 b5 8. a3 b4 9. axb4 Qxb4 10. Qc1 Ba6 11. Nge2 0-0 12. 0-0 Nfd7 13. Rd1 Bxe2 14. Nxe2 a5 15. Nf4 a4 16. Nd3 Qb7 17. c3 Nb6 18. e5 Nc4 19. exd6 exd6 20. Bf4 Nd7 21. Qc2 Qb5 22. Nb4 d5 23. Re1 Bxd4 24. Nxc6 Qxc6 25. cxd4 Qb5 26. Qe2 Kg7 27. Qf3 Nxb2 28. Reb1 Qb4 29. Qxd5 Nb6 30. Qc5 Qxc5 31. dxc5 N6c4 32. Bxa8 Rxa8 33. Rxb2 1-0

[Event "World op 34th"]
[Site "Philadelphia"]
[Date "2006.07.04"]
[Round "8"]
[White "Zapata, Alonso"]
[Black "Moriuchi, Toshiyuki"]
[Result "1/2-1/2"]
[WhiteElo "2470"]
[BlackElo "2282"]
[PlyCount "89"]
[EventDate "2006.06.28"]
[EventType "swiss"]
[EventRounds "9"]
[EventCountry "USA"]
[SourceTitle "CBM 112 Extra"]
[Source "ChessBase"]
[SourceDate "2006.07.14"]
[SourceVersion "1"]
[SourceVersionDate "2006.07.14"]
[SourceQuality "1"]

1. e4 d6 2. d4 Nf6 3. Nc3 g6 4. Be3 c6 5. Qd2 b5 6. Bd3 Nbd7 7. Nf3 e5 8. 0-0 a6 9. Rad1 Bb7 10. Rfe1 Qc7 11. h3 Bg7 12. Bh6 0-0 13. Qg5 Rfe8 14. dxe5 dxe5 15. Ne2 Nc5 16. Bxg7 Kxg7 17. Ng3 Ng8 18. Nh5+ Kh8 19. Nf6 Nxf6 20. Qxf6+ Kg8 21. Bf1 Qe7 22. Qxe7 Rxe7 23. Rd6 Kf8 24. g3 Rd7 25. Rxd7 Nxd7 26. Rd1 Ke7 27. h4 f6 28. Bh3 Nb6 29. Ne1 c5 30. f3 Bc8 31. Bxc8 Rxc8 32. b3 c4 33. Kf2 a5 34. Rb1 Kd6 35. bxc4 b4 36. a3 Rxc4 37. axb4 axb4 38. Ra1 Rc7 39. Ra5 Nc4 40. Ra6+ Rc6 41. Rxc6+ Kxc6 42. Ke2 Kb5 43. f4 Kc6 44. Nf3 Kb5 45. Ne1 1/2-1/2

[Event "World op 34th"]
[Site "Philadelphia"]
[Date "2006.07.03"]
[Round "6"]
[White "Vijayalakshmi, Subbaraman"]
[Black "Moriuchi, Toshiyuki"]
[Result "0-1"]
[WhiteElo "2472"]
[BlackElo "2282"]
[PlyCount "194"]
[EventDate "2006.06.28"]
[EventType "swiss"]
[EventRounds "9"]
[EventCountry "USA"]
[SourceTitle "CBM 112 Extra"]
[Source "ChessBase"]
[SourceDate "2006.07.14"]
[SourceVersion "1"]
[SourceVersionDate "2006.07.14"]
[SourceQuality "1"]

1. Nf3 Nf6 2. g3 g6 3. Bg2 Bg7 4. 0-0 0-0 5. d4 d6 6. c4 Nbd7 7. Nc3 c6 8. e4 e5 9. h3 Qc7 10. b3 Rd8 11. Be3 b6 12. Rc1 Bb7 13. d5 Rac8 14. Ne1 Qb8 15. Nd3 cxd5 16. exd5 Re8 17. Nb4 Nc5 18. Nc6 Bxc6 19. dxc6 e4 20. b4 Nd3 21. Rb1 Ne5 22. Nxe4 Nxe4 23. Bxe4 Nxc6 24. Bg2 Qc7 25. Qa4 Nd4 26. Bxd4 Bxd4 27. Bd5 Qe7 28. Kg2 Rc7 29. Rbd1 Bf6 30. Bc6 Rf8 31. Rfe1 Qd8 32. Rd3 Qc8 33. b5 Be5 34. Rde3 Kg7 35. Qd1 Rd8 36. Qd5 a6 37. Ra3 a5 38. Rae3 Qb8 39. Rf3 Re7 40. Re4 Qc7 41. Re1 h5 42. Rfe3 Rf8 43. f4 Bf6 44. g4 hxg4 45. hxg4 Rxe3 46. Rxe3 g5 47. fxg5 Be5 48. Rh3 Qe7 49. Qe4 Qxg5 50. Rh7+ Kg8 51. Rh1 f5 52. Qd3 Qxg4+ 53. Kf1 Kf7 54. Bf3 Qf4 55. Qd5+ Kf6 56. Ke2 Rc8 57. Rh7 Qxc4+ 58. Qxc4 Rxc4 59. Rb7 Bd4 60. Kd3 Rb4 61. Bd5 Bc5 62. Rf7+ Ke5 63. Bc6 Rd4+ 64. Kc2 d5 65. Bd7 Rf4 66. Kd3 Rf3+ 67. Ke2 Rf2+ 68. Kd3 Rf3+ 69. Ke2 Ke4 70. a4 Rf2+ 71. Kd1 f4 72. Ke1 Ke3 73. Rf5 Bb4+ 74. Kd1 Rd2+ 75. Kc1 Ba3+ 76. Kb1 f3 77. Rf7 f2 78. Bh3 Ke2 79. Rf6 Bc5 80. Bg4+ Ke1 81. Re6+ Kf1 82. Bh3+ Kg1 83. Rf6 Rd1+ 84. Kc2 f1Q 85. Rg6+ Kh2 86. Bxf1 Rxf1 87. Rh6+ Kg3 88. Rg6+ Kf3 89. Rf6+ Ke2 90. Re6+ Be3 91. Kb3 Rf4 92. Rd6 Rb4+ 93. Ka3 Bc5 94. Rxd5 Rd4+ 95. Rxc5 bxc5 96. Kb3 Kd3 97. Ka3 Rb4 0-1

[Event "World op 34th"]
[Site "Philadelphia"]
[Date "2006.06.30"]
[Round "3"]
[White "Moriuchi, Toshiyuki"]
[Black "Jussupow, Artur"]
[Result "0-1"]
[WhiteElo "2282"]
[BlackElo "2608"]
[PlyCount "74"]
[EventDate "2006.06.28"]
[EventType "swiss"]
[EventRounds "9"]
[EventCountry "USA"]
[SourceTitle "CBM 112 Extra"]
[Source "ChessBase"]
[SourceDate "2006.07.14"]
[SourceVersion "1"]
[SourceVersionDate "2006.07.14"]
[SourceQuality "1"]

1. e4 e6 2. d4 d5 3. Nd2 Nf6 4. e5 Nfd7 5. f4 c5 6. c3 Nc6 7. Ndf3 cxd4 8. cxd4 Qb6 9. g3 Be7 10. Kf2 Ndb8 11. Kg2 Bd7 12. Ne2 f5 13. exf6 Bxf6 14. g4 Na6 15. Rb1 Nc7 16. b4 Nb5 17. a4 Nd6 18. b5 Na5 19. Ng3 Nac4 20. Bd3 a6 21. Re1 axb5 22. f5 Rxa4 23. fxe6 Bc6 24. Re2 Qa5 25. Ne5 Ra2 26. Kh3 0-0 27. g5 Bxe5 28. dxe5 Ne4 29. Bxe4 dxe4 30. e7 Re8 31. Bf4 Rxe2 32. Qxe2 Qa3 33. Rd1 Qxe7 34. Nxe4 Nxe5 35. Nd6 Qe6+ 36. Kg3 Qb3+ 37. Kf2 Bf3 0-1

[Event "Budapest Spring op 22nd"]
[Site "Budapest"]
[Date "2006.03.28"]
[Round "6"]
[White "Moriuchi, Toshiyuki"]
[Black "Izso, Istvan"]
[Result "1-0"]
[WhiteElo "2282"]
[BlackElo "1900"]
[PlyCount "105"]
[EventDate "2006.03.23"]
[EventType "swiss"]
[EventRounds "9"]
[EventCountry "HUN"]
[SourceTitle "CBM 111 Extra"]
[Source "ChessBase"]
[SourceDate "2006.05.09"]
[SourceVersion "1"]
[SourceVersionDate "2006.05.09"]
[SourceQuality "1"]

1. e4 g6 2. d4 Bg7 3. Nf3 d6 4. c3 Nf6 5. Bd3 0-0 6. h3 e5 7. 0-0 Nc6 8. Re1 Nh5 9. Bg5 Qe8 10. Bc4 Na5 11. Bf1 h6 12. Be3 a6 13. dxe5 Bxe5 14. Nxe5 Qxe5 15. Bxh6 Ng7 16. Nd2 Nc6 17. Nf3 Qh5 18. Bf4 Ne6 19. Bg3 Rd8 20. Qd5 Qh8 21. Rad1 Ne7 22. Qd2 b5 23. Nd4 Qh5 24. Be2 Qh7 25. Bf3 Ra7 26. Qe3 Rb7 27. Nxe6 Bxe6 28. Qg5 Rd7 29. b3 Rb8 30. e5 d5 31. c4 c6 32. cxd5 cxd5 33. Bg4 Bxg4 34. Qxg4 Rbd8 35. Bh4 Kf8 36. e6 f5 37. Qg5 Rb7 38. Qf6+ Kg8 39. Bg5 Rf8 40. Qd4 Rd8 41. Bh4 Kf8 42. Bf6 Kg8 43. Rd3 Kf8 44. h4 Nc6 45. Qc5+ Ne7 46. Rg3 Rbb8 47. Rxg6 Qxg6 48. Bxe7+ Ke8 49. Bxd8 Rxd8 50. Qc6+ Ke7 51. Qc7+ Ke8 52. e7 Ra8 53. Qb7 1-0